000 01048nam a22002537a 4500
003 Uzh_bibl
008 260421b |||||||| |||| 00| 0 ukr d
020 _a966-524-149-4
_c22.20
040 _bукр.
041 _2ukr
_aukr
080 _a94(477)
090 _a94(477)
_bС 32
100 _aСергійчук,Володимир
245 _aСимон Петлюра
_hТекст
260 _aКиїв
_bУкраїна
_c2004
300 _a448 с.
_bіл.
_fВ опр.
490 _aСерія"Українські державники"
520 _aУ книзі розповідається про життя і діяльність С. Петлюри, громадсько-політичного діяча, патріота, полум’яного борця за свободу й незалежність України
521 _aДля широкого кола читачів
546 _aукр.
650 _aЛітературно-художне видання
655 _aБіографія
942 _2udc
_cBK
999 _c17434
_d17434